PRUEBA DE APTITUD ACADEMICA: PARTE VERBAL (Registro nro. 195294)
[ vista simple ]
| 000 -LEADER | |
|---|---|
| campo de control de longitud fija | 00530nam a2200205Ia 4500 |
| 005 - FECHA Y HORA DE LA ÚLTIMA TRANSACCIÓN | |
| campo de control | 20250425160738.0 |
| 008 - DATOS DE LONGITUD FIJA--INFORMACIÓN GENERAL | |
| campo de control de longitud fija | 250425s9999 xx 000 0 und d |
| 041 ## - CÓDIGO DE IDIOMA | |
| Código de lengua del texto/banda sonora o título independiente | spa |
| 082 ## - NÚMERO DE LA CLASIFICACIÓN DECIMAL DEWEY | |
| Número de clasificación | 153.94 |
| 010 ## - NÚMERO DE CONTROL DE LA BIBLIOTECA DEL CONGRESO | |
| Número de control de LC | 4193 |
| 245 #0 - MENCIÓN DEL TÍTULO | |
| Título | PRUEBA DE APTITUD ACADEMICA: PARTE VERBAL |
| 250 ## - MENCION DE EDICION | |
| Mención de edición | 1A ED. |
| 260 ## - PUBLICACIÓN, DISTRIBUCIÓN, ETC. | |
| Lugar de publicación, distribución, etc. | Ecuador |
| Nombre del editor, distribuidor, etc. | ESPOL. |
| 260 ## - PUBLICACIÓN, DISTRIBUCIÓN, ETC. | |
| Lugar de publicación, distribución, etc. | GUAYAQUIL |
| 500 ## - NOTA GENERAL | |
| Nota general | D-15677;15678c.2 S/.500 c/u C.DIF.PUB.BIBL 95.05.11 |
| 650 ## - PUNTO DE ACCESO ADICIONAL DE MATERIA--TÉRMINO DE MATERIA | |
| Término de materia o nombre geográfico como elemento de entrada | COMPRENSION DE DATOS |
| 650 ## - PUNTO DE ACCESO ADICIONAL DE MATERIA--TÉRMINO DE MATERIA | |
| Término de materia o nombre geográfico como elemento de entrada | PRUEBAS DE APTITUD |
| 650 ## - PUNTO DE ACCESO ADICIONAL DE MATERIA--TÉRMINO DE MATERIA | |
| Término de materia o nombre geográfico como elemento de entrada | RAZONAMIENTO |
| 942 ## - ELEMENTOS DE ENTRADA SECUNDARIOS (KOHA) | |
| Tipo de ítem Koha | Libros |
| Estatus retirado | Estado de pérdida | Estado de daño | No para préstamo | Biblioteca de origen | Biblioteca actual | Ubicación en estantería | Fecha de adquisición | Coste, precio normal de compra | Total de préstamos | Código de barras | Copia número | Tipo de ítem Koha |
|---|---|---|---|---|---|---|---|---|---|---|---|---|
| CENTRO DE INFORMACIÓN BIBLIOTECARIA | CENTRO DE INFORMACIÓN BIBLIOTECARIA | 26/06/1998 | 0.01 | D-15677 | 1 | Libros |